| Tag |
First Indicator |
Second Indicator |
Subfields |
| LEADER |
00000cam a2200000 i 4500 |
| 001 |
in00000068819 |
| 005 |
20151008050841.0 |
| 008 |
791115s1979 enkb b 00010 eng |
| 010 |
|
|
|a 79318663
|
| 015 |
|
|
|a GB79-22200
|
| 020 |
|
|
|a 090576224X
|
| 020 |
|
|
|a 0905762258 (pbk.) :
|c 2.95 ($6.95)
|
| 035 |
|
|
|a (OCoLC)05799528
|
| 035 |
|
|
|9 AAG3802AM
|
| 040 |
|
|
|a DLC
|c DLC
|d TXA
|d UtOrBLW
|
| 043 |
|
|
|a ma-----
|a a-is---
|
| 049 |
|
|
|a TXAM
|c [1383245]
|
| 050 |
0 |
0 |
|a DS119.7
|b .S3735
|
| 082 |
0 |
|
|a 301.45/19/9275694
|
| 100 |
1 |
|
|a Sayigh, Rosemary.
|
| 245 |
1 |
0 |
|a Palestinians :
|b from peasants to revolutionaries : a people's history /
|c recorded by Rosemary Sayigh from interviews with camp Palestinians in Lebanon ; with an introduction by Noam Chomsky.
|
| 264 |
|
1 |
|a London :
|b Zed Press,
|c 1979.
|
| 300 |
|
|
|a 206 pages :
|b maps ;
|c 22 cm.
|
| 336 |
|
|
|a text
|b txt
|2 rdacontent
|
| 337 |
|
|
|a unmediated
|b n
|2 rdamedia
|
| 338 |
|
|
|a volume
|b nc
|2 rdacarrier
|
| 490 |
1 |
|
|a Middle East series ; no 3
|
| 504 |
|
|
|a Bibliography: pages 202-206.
|
| 650 |
|
0 |
|a Arab-Israeli conflict.
|
| 650 |
|
0 |
|a Palestinian Arabs.
|
| 650 |
|
0 |
|a Refugees, Arab.
|
| 830 |
|
0 |
|a Middle East series (London, England) ;
|v no. 3.
|
| 999 |
|
|
|a MARS
|
| 999 |
f |
f |
|s 5216549a-cd87-3076-ad85-ba5f204872dd
|i fd00bd76-e2d5-3c86-bf17-76b4e76b56a1
|t 0
|
| 952 |
f |
f |
|p ric
|a Texas A&M University
|b Rellis Campus
|c Joint Library Facility
|d Remote Storage
|t 0
|e DS119.7 .S3735
|h Library of Congress classification
|i unmediated -- volume
|m A14802033242
|
| 998 |
f |
f |
|a DS119.7 .S3735
|t 0
|l Remote Storage
|